LEADER 04175nam 22006734a 450 001 9910966448103321 005 20171026195700.0 010 $a9786612495748 010 $a9781282495746 010 $a1282495747 010 $a9780472023080 010 $a047202308X 024 7 $a10.3998/mpub.12664 035 $a(CKB)2520000000006854 035 $a(OCoLC)608108543 035 $a(CaPaEBR)ebrary10367596 035 $a(SSID)ssj0000415569 035 $a(PQKBManifestationID)11273625 035 $a(PQKBTitleCode)TC0000415569 035 $a(PQKBWorkID)10416088 035 $a(PQKB)10397387 035 $a(MiU)10.3998/mpub.12664 035 $a(MiAaPQ)EBC3414656 035 $a(BIP)10278905 035 $a(EXLCZ)992520000000006854 100 $a20040722d2005 uy 0 101 0 $aeng 135 $aur|||---||||| 181 $ctxt$2rdacontent 182 $cc$2rdamedia 183 $acr$2rdacarrier 200 10$aDefensive internationalism $eproviding public goods in an uncertain world /$fDavis B. Bobrow & Mark A. Boyer 205 $a1st ed. 210 1$aAnn Arbor :$cUniversity of Michigan Press,$dc2005. 215 $a1 online resource (424 p.) 300 $aBibliographic Level Mode of Issuance: Monograph 311 08$a9780472068791 311 08$a0472068792 320 $aIncludes bibliographical references (p. 377-405) and index. 327 $aUnderstanding defensive internationalism: black, white, or shades of gray -- Clubs, identities, and institutions: a tale of overlapping interests -- Domestic support for contributions: how stable and strong? -- International development assistance -- International debt management and relief -- United Nations peacekeeping operations -- Pursuing international environmental quality -- A global prognosis of muted optimism? 330 $a"The authors' carefully crafted analysis will influence thought and the policy debate on the tradeoff between unilateralism and multilateralism for decades to come." -Todd Sandler, Robert R. and Katheryn A. Dockson Professor of International Relations & Economics, University of Southern California "Boyer and Bobrow's well-written, data-rich analysis of such pressing issues as development assistance, debt management, UN peacekeeping, and environmental protection makes Defensive Internationalism a highly original and provocative contribution to the study of global governance." -Yale H. Ferguson, Co-Director, Center for Global Change and Governance, Rutgers University In this pathbreaking study, authors Davis B. Bobrow and Mark A. Boyer argue for "muted optimism" about the future of international cooperation. Leaders of a growing movement that integrates constructivism into traditional international studies concepts and methods, Bobrow and Boyer analyze four key international issues: development cooperation, debt management, peacekeeping operations, and environmental affairs. Their approach integrates elements of public goods theory, identity theory, new institutionalism, and rational choice. Defensive Internationalism is a well-written, creative and coherent synthesis of ideas that have up to now been considered irreconcilable. It is appropriate for upper-level undergraduate and graduate students in international relations, conflict studies, and political economy, and promises to become a foundational work in its field. Davis B. Bobrow is Professor of Public and International Affairs and Political Science at the University of Pittsburgh. Mark A. Boyer is Professor of Political Science at the University of Connecticut. 606 $aInternationalism 606 $aEconomic assistance 606 $aPublic goods 606 $aSecurity, International 615 0$aInternationalism. 615 0$aEconomic assistance. 615 0$aPublic goods. 615 0$aSecurity, International. 676 $a327.1 700 $aBobrow$b Davis B$0540029 701 $aBoyer$b Mark A$01866082 712 02$aMichigan Publishing (University of Michigan) 801 0$bMiU 801 1$bMiU 906 $aBOOK 912 $a9910966448103321 996 $aDefensive internationalism$94473354 997 $aUNINA